¿Película o serie? - Estadísticas

Estadísticas generales
  • Esta prueba ha sido intentada 92 veces
  • La puntuación promedio es 19 de 20
Estadísticas de respuestas
Hint Respuesta % Correcto
Avatar Película
100%
Titanic Película
99%
Del Revés | Intensamente Película
99%
Joker Película
99%
Regreso al Futuro Película
98%
Parque Jurásico Película
98%
Frozen Película
98%
The Matrix Película
98%
Stranger Things Serie
98%
La Casa de Papel Serie
98%
Friends Serie
98%
Juego de Tronos Serie
97%
Modern Family Serie
97%
Los Bridgerton Serie
97%
Breaking Bad Serie
97%
El Juego del Calamar Serie
97%
Los Vengadores Película
94%
El Padrino Película
93%
Miércoles | Merlina Serie
87%
Lost Serie
83%
No se encontraron pruebas coincidentes
Distribución de puntuación
Porcentaje de gente con cada puntuación
Porcentaje por número respondido
Historial de tus puntuaciones
No has intentado esta prueba.